| 000 | 00473cam a2200193ua 4500 | ||
|---|---|---|---|
| 001 | 2881 | ||
| 005 | 20260515113610.0 | ||
| 008 | 110913n ii |||gr||||Z||||||asm | ||
| 040 | _cMAIN | ||
| 082 | _a920 | ||
| 100 | 1 |
_aTalukder, Nanda, _eAuthor. |
|
| 245 | 1 | 1 |
_aBanaphular kabi Dowerah _cby Nanda Talukder |
| 250 | _a1st. | ||
| 260 |
_aGuahati: _bBook stall,970. |
||
| 300 |
_a136p: _c23cm. |
||
| 653 | _aBiography | ||
| 653 | _aBiography of Nanda Talukder | ||
| 942 | _cBK | ||
| 999 |
_c2728 _d2728 |
||